000 00530cam a2200145 4500500
005 20260405004912.0
041 _afre
042 _adc
100 1 0 _aMasset, Claude
_eauthor
245 0 0 _aJean Guilaine, s. dir., Premiers paysans du Monde. Naissance des agricultures, Paris, Éditions Errance, 2000, 320 p., bibl.
260 _c2002.
500 _a13
786 0 _nL'Homme | 162 | 2 | 2002-06-01 | p. 309m-340m | 0439-4216
856 4 1 _uhttps://shs.cairn.info/revue-l-homme-2002-2-page-309m?lang=fr&redirect-ssocas=7080
999 _c2079319
_d2079319